Normal view
MARC view
Entry Personal Name
001 - CONTROL NUMBER
- control field: 1780
003 - CONTROL NUMBER IDENTIFIER
- control field: OSt
005 - DATE AND TIME OF LATEST TRANSACTION
- control field: 20110426133216.0
008 - FIXED-LENGTH DATA ELEMENTS
- fixed length control field: 110426|||a|||||| | ||| d
040 ## - CATALOGING SOURCE
- Original cataloging agency: OSt
- Transcribing agency: OSt
100 ## - HEADING--PERSONAL NAME
- Personal name: Keane, Adrian,
- Titles and other words associated with a name: LL.B.
670 ## - SOURCE DATA FOUND
- Source citation: Work cat.: (OSt)0: Keane, Adrian, LL.B., The modern law of evidence /, 2008.
